| 000 | 00737nas a2200241 4500 | ||
|---|---|---|---|
| 001 | BR9604493 | ||
| 003 | BR-BrBNA | ||
| 005 | 20231205095324.0 | ||
| 007 | ta | ||
| 008 | 230509b bl.|||p| |||| 00| 00por d | ||
| 040 |
_aBR-BrBNA _bpor _cBiblioteca Nacional de Agricultura |
||
| 041 | _a(Pt) | ||
| 072 | _aK10 | ||
| 100 | 1 | _aPaula Neto, F. de | |
| 100 | 1 | _aRezende, A.V. | |
| 245 | 1 | _aEquacoes de fatores de empilhamento e tabelas de volumes em metros estere para arvores individuais | |
| 650 | _aEucalipto | ||
| 650 | _aMadeira | ||
| 650 | _aDendrometria | ||
| 773 | 0 |
_tRevista Arvore (Brazil) _xISSN 0100-6762 _g(Jan-Apr 1992), v. 16(1) p. 72-87 _wBR9604493 |
|
| 909 |
_a202311 _bLúcia _c55 _dLúcia Elande |
||
| 942 |
_2AGRIS _n0 _cANA |
||
| 999 |
_c150047 _d150047 |
||